000 00431nam a22001697a 4500
003 CEME
005 20210628205524.0
008 210308b xxu||||| |||| 00| 0 eng d
020 _a0-412-63860-6
040 _c.
082 _a621.38173 LIT'V
100 _aLitovski, V Zwolinski, M
_975881
245 _aVlsi circuit simulation and optimization
260 _aLONDON
_bCHAPMAN & HALL
_c1997
300 _a353P
942 _cBK
_2ddc
999 _c581293
_d581293